Профессиональный русский язык для иностранных студентов в техническом вузе. В 2 частях. Ч.1, Учебное пособие
| Outros autores: | , , , , , |
|---|---|
| Summary: | Книга находится в премиум-версии платформы «Русский как иностранный». В пособии отражены особенности языка для профессиональных целей, используемого в ситуациях учебно-научного общения. Предназначено для аудиторной и внеаудиторной работы иностранных студентов 3 курса, обучающихся по различным направлениям подготовки бакалавриата технического профиля: 03.03.02 «Физика», 11.03.04 «Электроника и наноэлектроника», 12.03.01 «Приборостроение», 12.03.02 «Оптотехника», 15.03.01 «Машиностроение», 15.03.06 «Мехатроника и робототехника» и некоторым другим. Гарантированный срок размещения на платформе до 08.12.2028 (автопролонгация) |
| Publicado: |
Томск, Томский политехнический университет, 2022
|
| Edición: | Профессиональный русский язык для иностранных студентов в техническом вузе. В 2 частях. Ч.1 |
| Subjects: | |
| Acceso en liña: | Перейти к просмотру издания |
| Formato: | MixedMaterials Electrónico |
MARC
| LEADER | 00000 a2200000 4500 | ||
|---|---|---|---|
| 001 | RU/ROS-EDU.RU/134347 | ||
| 856 | 4 | |u https://www.ros-edu.ru/book?id=134347 |z Перейти к просмотру издания | |
| 010 | |a 978-5-4387-1079-0 (ч.1), 978-5-4387-1078-3 | ||
| 205 | |a Профессиональный русский язык для иностранных студентов в техническом вузе. В 2 частях. Ч.1 |b 2028-12-08 | ||
| 333 | |a Гарантированный срок размещения на платформе до 08.12.2028 (автопролонгация) | ||
| 100 | |a 20220101d2022 |||y0rusy0250 |s 2028-12-08 | ||
| 105 | |a y z 000zy | ||
| 101 | 0 | |a rus | |
| 102 | |a RU | ||
| 200 | 1 | |a Профессиональный русский язык для иностранных студентов в техническом вузе. В 2 частях. Ч.1 |b Электронный ресурс |e Учебное пособие |f Т. Ф. Волкова [и др.] | |
| 701 | 1 | |b Т. Ф. |a Волкова |4 070 | |
| 701 | 1 | |b А. Е. |a Гольдштейн |4 070 | |
| 701 | 1 | |b Л. М. |a Гриценко |4 070 | |
| 701 | 1 | |b Т. А. |a Демидова |4 070 | |
| 701 | 1 | |b Е. В. |a Замятина |4 070 | |
| 701 | 1 | |b А. В. |a Новикова |4 070 | |
| 330 | |a В пособии отражены особенности языка для профессиональных целей, используемого в ситуациях учебно-научного общения. Предназначено для аудиторной и внеаудиторной работы иностранных студентов 3 курса, обучающихся по различным направлениям подготовки бакалавриата технического профиля: 03.03.02 «Физика», 11.03.04 «Электроника и наноэлектроника», 12.03.01 «Приборостроение», 12.03.02 «Оптотехника», 15.03.01 «Машиностроение», 15.03.06 «Мехатроника и робототехника» и некоторым другим. | ||
| 210 | |a Томск |c Томский политехнический университет |d 2022 | ||
| 610 | 1 | |a русский язык | |
| 610 | 1 | |a иностранные студенты | |
| 610 | 1 | |a технический вуз | |
| 610 | 1 | |a особенности языка | |
| 675 | |a 811.161 | ||
| 686 | |a 81.2 |2 rubbk | ||
| 300 | |a Книга находится в премиум-версии платформы «Русский как иностранный». | ||
| 215 | |a 142 с. | ||